000 00891nam a2200253Ia 4500
003 OSt
005 20220923210949.0
006 a|||||r|||| 00| 0
007 ta
008 220922b |||||||| |||| 00| 0 hin d
020 _a8126010231 (hbk)
_c300
024 _a239,301
037 _bB280, 24/01/2009, Bharat Pustak Bhandar
_cTextual
040 _aARTS
_cARTS
_bhin
041 _2hin
_ahin
082 _aQ1:21, 152P8
100 _aविश्व बन्धु, संपा.
_9156274
245 0 _aवेदशास्त्र संग्रह
246 _aVedashāstra sangraha
260 _aनई दिल्ली
_b साहित्य अकादेमी
_c2001
300 _a524पृ.
_ccm.
942 _hQ1:21, 152P8
_cTEXL
_2CC
999 _c293229
_d293229